Contrastación de teorías de representación y razonamiento sobre silogismos lineales /

El objetivo de esta investigación es la comprobación de la capacidad predicativa de los distintos modelos existentes sobre razonamiento y representación en silogismos lineales: modelo de la imagen, lingüístico-proposicional, mixto y de niveles de representación. Se utilizaron 64 tipos de silogismos...

Descripción completa

Detalles Bibliográficos
Autor principal: López Manjón, Asunción
Otros Autores: Riviére, Angel
Formato: Analitica de revista
Lenguaje:español

MARC

LEADER 00000cab a2200000 a 4500
001 032034
003 UAHC_CL
005 20170803123432.0
008 040412b xx j 000 1 spa
040 |a UAHC_CL  |c UAHC_CL  |d UAHC_CL 
100 1 |a López Manjón, Asunción 
245 1 0 |a Contrastación de teorías de representación y razonamiento sobre silogismos lineales /  |c Asunción López, Angel Riviére. 
500 |a Estudios de Psicología (España), 2000.(65-66). pp.39-60 
500 |a Estudios de Psicología (España), 2000.(65-66). pp.39-60 
520 |a El objetivo de esta investigación es la comprobación de la capacidad predicativa de los distintos modelos existentes sobre razonamiento y representación en silogismos lineales: modelo de la imagen, lingüístico-proposicional, mixto y de niveles de representación. Se utilizaron 64 tipos de silogismos lineales con el fin de cumplir los requisitos mínimos necesarios para utilizar la metodología empleada, aunque los resultados obtenidos no presentan diferencias estadísticamente significantes entre los dos modelos con mayor capacidad predicativa, el modelo de niveles de representación supera el modelo mixto. 
520 |a El objetivo de esta investigación es la comprobación de la capacidad predicativa de los distintos modelos existentes sobre razonamiento y representación en silogismos lineales: modelo de la imagen, lingüístico-proposicional, mixto y de niveles de representación. Se utilizaron 64 tipos de silogismos lineales con el fin de cumplir los requisitos mínimos necesarios para utilizar la metodología empleada, aunque los resultados obtenidos no presentan diferencias estadísticamente significantes entre los dos modelos con mayor capacidad predicativa, el modelo de niveles de representación supera el modelo mixto. 
700 1 |a Riviére, Angel 
700 1 |a Riviére, Angel 
759 |a PP066 
773 0 |t Estudios de psicología.  |w 031866 
900 |a ESTUD. PSICOL.-65-66/00 
942 |c REVA 
952 |0 0  |1 0  |4 0  |6 ESTUD___PSICOL_6566_00_000000000000000  |7 0  |8 General  |9 62183  |a BC  |b BC  |c General  |d 2017-08-03  |l 0  |o ESTUD. PSICOL.-65-66/00  |p FICTICIO2796  |r 2019-01-08 00:00:00  |t 1  |w 2017-08-03  |y REVA 
999 |c 32034  |d 32034